Biggest Cities compared to Urban Population within 1,000 km - Statistics

General Stats
  • This quiz has been taken 281 times
  • The average score is 15 of 30
Answer Stats
Rank % Pop (m) CITY % Correct
9 35% 31.48 Tokyo
79%
26 17% 10.38 Moscow
76%
8 36% 4.39 Sydney
71%
24 18% 8.11 New York
69%
1 95% 1.45 Perth
68%
10 34% 3.73 Melbourne
65%
19 20% 7.73 Cairo
63%
30 16% 8.54 Jakarta
63%
3 53% 7.65 Lima
63%
14 27% 4.84 Santiago
62%
17 23% 1.84 Brisbane
61%
25 17% 7.10 Bogotá
58%
11 31% 10.44 Manila
57%
22 19% 1.07 Adelaide
56%
6 41% 7.79 Kinshasa
55%
5 44% 3.43 Cape Town
50%
20 20% 2.70 Dar es Salaam
49%
28 16% 0.84 Ulaanbaatar
47%
29 16% 3.47 Riyadh
46%
21 19% 2.78 Luanda
42%
15 24% 2.76 Addis Ababa
41%
16 23% 1.51 Ürümqi
40%
12 27% 2.70 Dakar
39%
2 56% 1.60 Manaus
39%
23 19% 8.72 Mexico City
39%
7 38% 1.39 Antananarivo
33%
4 46% 2.59 Mogadishu
29%
18 22% 1.84 Vancouver
26%
27 16% 1.41 Belém
20%
13 27% 2.81 Omdurman
1%
No matching quizzes found
Score Distribution
Percent of People with Each Score
Percentile by Number Answered
Your Score History
You have not taken this quiz